[Event "20th Heraklion IT Open 2017"]
[Site "Heraklion"]
[Date "2017.04.22"]
[Round "7"]
[White "Moshovakis, Aggelos"]
[Black "Sredojevic, Ivan"]
[Result "1/2-1/2"]
[WhiteElo "2030"]
[BlackElo "2351"]
[Annotator "NA"]
[PlyCount "107"]
[EventDate "2017.??.??"]
[EventType "swiss"]
[EventCountry "GRE"]
[SourceTitle "playchess.com"]
[Source "ChessBase"]
[SourceQuality "1"]
[TimeControl "40/5400+30:1800+30"]

1. e4 {[%emt 0:00:00]} c6 {[%emt 0:00:16]} 2. d4 {[%emt 0:00:00]} d5 {[%emt 0:00:04]} 3. Nc3 {[%emt 0:00:00]} dxe4 {[%emt 0:00:08]} 4. Nxe4 {[%emt 0:00:00]} Bf5 {[%emt 0:00:05]} 5. Ng3 {[%emt 0:00:00]} Bg6 {[%emt 0:00:17]} 6. Nf3 {[%emt 0:00:00]} Nd7 {[%emt 0:01:41]} 7. h4 {[%emt 0:00:13]} h6 {[%emt 0:00:07]} 8. Bd3 {[%emt 0:00:16]} Bxd3 $1 {[%emt 0:00:07]} 9. Qxd3 {[%emt 0:00:04]} e6 {[%emt 0:00:17]} 10. Bf4 {[%emt 0:00:25]} Qa5+ {[%emt 0:00:31] B19: Classical Caro-Kann: 4...Bf5 main line} 11. Bd2 {[%emt 0:00:20] LiveBook: 18 Games} Bb4 {[%emt 0:01:00]} 12. c3 {[%emt 0:00:36]} (12. Ne4 Ngf6 13. Nd6+ Ke7 14. Nc4 Bxd2+ 15. Nfxd2 Qc7 16. O-O-O b5 17. Ne3 Rhe8 18. g4 {½-½ (56) Polgar,J (2687)-Anand,V (2788) Zuerich 2009}) 12... Be7 {[%emt 0:00:06]} 13. c4 {[%emt 0:00:11]} Qc7 {[%emt 0:00:13]} 14. O-O-O {[%emt 0:01:00]} Ngf6 {[%emt 0:00:05]} 15. Ne4 {[%emt 0:00:44]} Nxe4 {[%emt 0:03:10]} 16. Qxe4 {[%emt 0:00:05]} Nf6 {[%emt 0:00:01]} 17. Qe2 {[%emt 0:00:18]} O-O $146 {[%emt 0:01:04]} (17... Rd8 18. Kb1 {0-1 (61) Voracek,M (2269)-Straka,V (2285) Czechia 2013}) 18. g4 {[%emt 0:07:22]} Nxg4 {[%emt 0:03:24]} 19. Rdg1 {[%emt 0:00:32]} h5 {[%emt 0:00:50] [#]} 20. Ne5 $1 {[%emt 0:00:24]} Bf6 {[%emt 0:16:43]} 21. Nxg4 {[%emt 0:10:04]} hxg4 {[%emt 0:00:07]} 22. Qxg4 {[%emt 0:07:27]} Rfd8 {[%emt 0:00:17]} 23. Bc3 {[%emt 0:30:02]} c5 {[%emt 0:06:43]} 24. d5 {[%emt 0:01:16]} Bxc3 {[%emt 0:00:06]} 25. bxc3 {[%emt 0:00:02]} Qe5 {[%emt 0:04:08]} 26. Qg3 {[%emt 0:02:12]} (26. Rg3 $14) 26... Qxg3 {[%emt 0:01:04]} 27. Rxg3 {[%emt 0:00:07]} exd5 {[%emt 0:00:10]} 28. Rhg1 {[%emt 0:00:09]} dxc4 {[%emt 0:01:14]} 29. Rxg7+ {[%emt 0:00:05]} Kf8 {[%emt 0:00:05]} 30. h5 {[%emt 0:02:17]} Ke7 $1 {[%emt 0:00:41]} 31. h6 {[%emt 0:00:08]} Rd3 {[%emt 0:00:38]} 32. Rh1 {[%emt 0:06:13]} Rxc3+ {[%emt 0:00:48]} 33. Kb2 {[%emt 0:00:05]} Rd3 {[%emt 0:00:01]} 34. h7 {[%emt 0:00:08]} Rh8 {[%emt 0:00:01]} 35. Rg8 {[%emt 0:00:32]} Rd8 {[%emt 0:00:02] [#]} 36. Rxd8 $2 {[%emt 0:00:57]} (36. Re1+ $1 $18 Kf6 37. Reg1) 36... Kxd8 {[%emt 0:00:05]} 37. Kc3 $11 {[%emt 0:00:04]} b5 {[%emt 0:18:32]} 38. a4 {[%emt 0:02:08]} bxa4 {[%emt 0:00:01]} 39. Kxc4 {[%emt 0:00:20]} a3 {[%emt 0:00:16]} 40. Kxc5 {[%emt 0:00:00]} a2 {[%emt 0:00:02]} 41. Ra1 {[%emt 0:01:59]} Rxh7 {[%emt 0:00:18]} 42. Rxa2 {[%emt 0:00:07]} f6 {[%emt 0:01:00]} 43. Kd6 {[%emt 0:00:11]} Rb7 {[%emt 0:00:22]} 44. Ke6 {[%emt 0:01:02]} Rb6+ {[%emt 0:00:09]} 45. Kf7 {[%emt 0:00:07]} a6 {[%emt 0:00:05]} 46. f4 {[%emt 0:00:05]} Kc7 {[%emt 0:04:23]} 47. f5 {[%emt 0:00:09]} Rc6 {[%emt 0:04:51]} 48. Re2 {[%emt 0:01:32]} a5 {[%emt 0:00:38]} 49. Re6 {[%emt 0:00:19]} a4 {[%emt 0:00:35]} 50. Kxf6 {[%emt 0:00:12]} a3 {[%emt 0:01:57]} 51. Kf7 {[%emt 0:00:06]} Rxe6 {[%emt 0:00:11]} 52. fxe6 {[%emt 0:00:04]} a2 {[%emt 0:00:04]} 53. e7 {[%emt 0:00:05]} a1=Q {[%emt 0:00:07]} 54. e8=Q {[%emt 0:00:05]} 1/2-1/2

[Event "20th Heraklion IT Open 2017"]
[Site "Heraklion"]
[Date "2017.04.22"]
[Round "7"]
[White "Hristodoulaki, Antonia"]
[Black "Martorelli, Antonio"]
[Result "1-0"]
[WhiteElo "1994"]
[BlackElo "2220"]
[Annotator "TA"]
[PlyCount "159"]
[EventDate "2017.??.??"]
[EventType "swiss"]
[EventCountry "GRE"]
[SourceTitle "playchess.com"]
[Source "ChessBase"]
[SourceQuality "1"]

{[%evp 11,159,34,28,34,53,48,44,60,52,49,68,37,42,50,53,35,53,30,72,71,76,77,66,39,33,-329,-308,-305,-279,-272,-272,-388,-386,-393,-406,-395,-389,-400,-369,-406,-406,-370,-174,-165,0,0,0,-9,-10,-7,645,0,0,0,0,0,0,0,347,346,478,472,510,460,659,343,309,305,550,548,611,558,587,527,592,582,535,471,486,459,754,756,829,783,1691,1047,1416,817,1733,1341,2291,345,354,345,336,347,331,317,316,313,287,239,373,100,183,182,200,463,453,441,441,387,428,444,423,452,408,474,361,531,324,290,516,489,362,245,229,223,230,223,223,223,214,209,992,992,930,884,2171,2043,29989,29990,29990,29991,29991,29992,29992,29993,29993,29990]} 1. e4 c5 2. Nf3 e6 3. d4 cxd4 4. Nxd4 a6 5. c4 Nf6 6. Nc3 Bb4 7. Qd3 {B41: Sicilian: Kan Variation: 5 c4} d6 (7... O-O 8. Be2 Qc7 9. O-O Nc6 10. Nxc6 dxc6 11. Bg5 Be7 12. Be3 b5 13. Rac1 b4 14. Nb1 c5 {0-1 (61) Anand,V (2779)-Ivanchuk,V (2747) Doha 2016}) 8. Nc2 Bxc3+ 9. Qxc3 {White is slightly better.} O-O 10. f3 Nc6 11. Bf4 $146 (11. Be3 e5 12. Rd1 Qc7 13. Nb4 Nd7 14. Nd5 Qd8 {1-0 (48) Idani,P (2530)-Gholami,A (2426) Arak 2016}) 11... e5 12. Be3 Be6 13. Be2 Rc8 14. Qd2 b5 15. cxb5 axb5 16. Bxb5 d5 17. exd5 Nxd5 {[%cal Bf6d5,Bd5f4,Bf4e2][%mdl 32]} 18. Bc5 $2 {[%mdl 8192]} (18. O-O $1 $14 {stays ahead.}) 18... Ncb4 $1 $19 19. Bxb4 Rxc2 $1 20. Qxc2 Qh4+ 21. Ke2 (21. Qf2 $142 Qxb4+ 22. Qd2 Qxb5 23. a4) 21... Qxb4 22. a4 (22. Bc6 Nf4+ 23. Kd1 Qb6 $19) 22... Nf4+ 23. Kf1 {Threatens to win with Qc3.} Rc8 24. Qf2 Bc4+ 25. Bxc4 Qxc4+ 26. Kg1 Ne2+ (26... Qd3 $142 {( -> ...Rc2)} 27. Qb6 h6) 27. Kf1 Ng3+ $2 ({Better is} 27... Nd4+ $1 $19 28. Kg1 Qd3) 28. Kg1 $11 Qc1+ (28... Nxh1 $6 29. Kxh1 f6 30. a5 $18) 29. Qe1 Qc5+ 30. Qf2 Ne2+ (30... Qc1+ $5 31. Qe1 $8 Qc5+ 32. Qf2 Qc1+ $11) 31. Kf1 Nd4 32. h3 Qb4 {Threatening ...Rc2.} (32... Qc4+ $5 33. Kg1 $8 Ne2+ 34. Kf1 (34. Kh2 Qf4+ 35. g3 Nxg3 $17) 34... Ng3+ 35. Kg1 Ne2+ 36. Kf1 (36. Kh2 Qf4+ 37. g3 Nxg3 $17) 36... Ng3+ 37. Kg1 Ne2+ $11) 33. Qe1 (33. Kg1 $2 Rc2 34. Qxc2 (34. Qe1 Nxf3+ 35. gxf3 Qd4+ 36. Kf1 Qd3+ 37. Kg1 Qg6+ 38. Qg3 Qxg3+ 39. Kf1 Qf2#) 34... Nxc2 $19) 33... Qc4+ 34. Kf2 $1 (34. Kg1 Nc2 35. Rc1 Nxe1 $19) 34... Qd3 $2 {[%mdl 8192]} (34... Qc2+ $11 {and Black is okay.} 35. Kg1 Nxf3+ 36. gxf3 Qg6+ 37. Kf2 Rc2+ 38. Ke3 Qb6+ 39. Kd3 Qb3+ 40. Qc3 (40. Ke4 Rc4+ 41. Kxe5 Qxb2+ 42. Kd6 Qd4+ 43. Ke7 Rc7+ 44. Ke8 Qd7#) 40... Rxc3+ 41. bxc3 Qe6) 35. Rc1 $1 $18 {[%cal Rc1c8]} (35. Kg1 Nxf3+ 36. gxf3 Qg6+ 37. Kf2 Rc2+ 38. Ke3 Qb6+ 39. Kd3 Qb3+ 40. Qc3 (40. Ke4 Rc4+ 41. Kxe5 Qxb2+ 42. Qc3 Qxc3+ 43. Kd6 Rd4+ 44. Ke7 Qe3#) 40... Rxc3+ 41. bxc3 Kf8 $11) 35... Rd8 36. Qe3 Qg6 37. Rhd1 Rb8 (37... Qb6 $142 38. Qxe5 Nb3+ 39. Qe3 Qxe3+ 40. Kxe3 Re8+ 41. Kd3 Nxc1+ 42. Rxc1 Rd8+ 43. Ke4 Re8+ 44. Kd3 Rd8+ 45. Ke4 Re8+ 46. Kd4 Rd8+ 47. Ke5 Kf8) 38. Rxd4 exd4 39. Qxd4 {[%mdl 4096] Endgame KQR-KQR} h5 $2 (39... Qg5 {is a better defense.} 40. Rc4 h6) 40. b4 Qg5 41. Rc5 Qe7 42. b5 ({Weaker is} 42. Re5 Rxb4 43. Rxe7 Rxd4 $18) 42... Re8 {[%csl Ge8][%cal Re7e1]} 43. Rc1 Rd8 44. Qe4 Qa7+ 45. Kg3 g6 (45... Qb8+ $142 46. f4 Re8) 46. Qf4 {Rc7 is the strong threat.} Qe7 47. Rc7 h4+ 48. Kh2 Qe6 49. Qxh4 Rd2 50. Qf4 Ra2 {[#]} 51. Ra7 $2 (51. b6 $1 {Black must now prevent b7.} Qd5 (51... Qxb6 52. Qxf7+) 52. b7) 51... Rxg2+ 52. Kxg2 {Ra8+ would kill now.} Qe2+ 53. Kg3 Qe1+ {[#]} 54. Kg4 $1 ({Don't do} 54. Kg2 Qe2+ 55. Kg3 Qe1+ 56. Kg4 Qg1+ 57. Kh4 Qxa7 $18) 54... Qg1+ 55. Kh4 Qxa7 {KQ-KQ} 56. Qc4 Kh7 (56... Qg1 {was called for.} 57. Qd5 Qg2) 57. b6 $2 (57. Kg3 $18) 57... Qe7+ (57... Qxb6 $16 58. Qxf7+ Kh6) 58. Kg3 Qe1+ 59. Kg2 Qd2+ 60. Kf1 Qd1+ 61. Kf2 Qd2+ 62. Qe2 Qd4+ 63. Qe3 Qxa4 64. Qc5 Qa2+ 65. Ke3 Qb3+ 66. Ke4 Qe6+ $2 (66... Qa4+ 67. Ke5 Qd7) 67. Kd4 Qf6+ 68. Ke3 Qe6+ 69. Kd3 Qb3+ 70. Kd4 Qxf3 71. Qc7 {And now b7 would win.} Qf2+ 72. Kd5 {Strongly threatening b7.} Qd2+ $2 (72... Qf5+ 73. Kc6 Kg7) 73. Kc6 Qg2+ 74. Kd6 Qg3+ 75. Ke7 Qb3 76. b7 {White mates.} Kg7 77. Qe5+ f6 78. Qxf6+ Kh6 79. Qf4+ g5 80. Qf6+ 1-0

[Event "20th Heraklion IT Open 2017"]
[Site "Heraklion"]
[Date "2017.04.22"]
[Round "7"]
[White "Sourgkounis, Angelos"]
[Black "Fragiadakis, Emanouel"]
[Result "0-1"]
[WhiteElo "1960"]
[BlackElo "1827"]
[Annotator "NA"]
[PlyCount "70"]
[EventDate "2017.??.??"]
[EventType "swiss"]
[EventCountry "GRE"]
[SourceTitle "playchess.com"]
[Source "ChessBase"]
[SourceQuality "1"]
[TimeControl "40/5400+30:1800+30"]

1. Nf3 {[%emt 0:00:03]} Nf6 {[%emt 0:00:52]} 2. g3 {[%emt 0:00:33]} c5 {[%emt 0:04:51]} 3. c4 {[%emt 0:00:31]} b6 {[%emt 0:00:15]} 4. Bg2 {[%emt 0:00:25]} Bb7 {[%emt 0:00:06]} 5. Nc3 {[%emt 0:00:46]} e6 {[%emt 0:00:14]} 6. O-O {[%emt 0:00:18]} Be7 {[%emt 0:00:23]} 7. a3 {[%emt 0:07:59] A30: Symmetrical English: Double Fianchetto and Hedgehog} (7. Re1 d5 8. cxd5 Nxd5 9. d4 cxd4 10. Qa4+ Qd7 11. Qxd7+ Nxd7 12. Nxd4 N7f6 13. Ncb5 O-O 14. e4 Nb4 15. a3 Nd3 16. Rd1 Nc5 {1-0 (48) Aronian,L (2785)-Ivanchuk,V (2747) Doha 2016}) 7... O-O {[%emt 0:00:43]} 8. Rb1 {[%emt 0:00:14] LiveBook: 7 Games} d5 {[%emt 0:11:12]} 9. cxd5 {[%emt 0:00:09]} Nxd5 {[%emt 0:02:10]} 10. Nxd5 {[%emt 0:01:44]} Bxd5 {[%emt 0:00:44]} 11. b3 $146 {[%emt 0:07:46]} (11. d3 Bf6 12. Bd2 Nd7 13. Bc3 Rc8 14. e4 Bb7 {1-0 (65) Praznik,N (2294)-Podkriznik,G (2334) Ljubljana 2012}) 11... Nc6 {[%emt 0:08:30]} 12. d3 {[%emt 0:00:28]} f5 {[%emt 0:01:18]} 13. Re1 {[%emt 0:06:22]} e5 {[%emt 0:01:10]} 14. e4 {[%emt 0:02:30]} fxe4 {[%emt 0:00:17]} 15. dxe4 {[%emt 0:00:04]} Be6 {[%emt 0:00:56]} 16. Qxd8 {[%emt 0:17:41]} Raxd8 {[%emt 0:02:41]} 17. Ng5 {[%emt 0:07:35]} Bxg5 {[%emt 0:08:59]} 18. Bxg5 {[%emt 0:00:05]} Rd3 {[%emt 0:00:42]} 19. Re3 {[%emt 0:17:40]} Rd2 {[%emt 0:02:25]} 20. Rf3 {[%emt 0:02:43]} Rxf3 {[%emt 0:02:04]} 21. Bxf3 {[%emt 0:01:07]} Rd3 {[%emt 0:00:56]} 22. Bd1 {[%emt 0:01:18]} Nd4 {[%emt 0:01:42]} 23. Be3 {[%emt 0:03:33]} Nxb3 {[%emt 0:06:18]} 24. Be2 {[%emt 0:05:34]} Rc3 {[%emt 0:01:36]} 25. a4 {[%emt 0:01:03]} Nd4 {[%emt 0:03:50]} 26. Bd1 {[%emt 0:02:39]} Bc4 {[%emt 0:02:21]} 27. Bd2 {[%emt 0:06:57]} Rd3 {[%emt 0:00:58]} 28. Be3 {[%emt 0:00:56]} Ra3 {[%emt 0:01:44]} 29. Bc1 {[%emt 0:02:00]} Ra2 {[%emt 0:00:45]} 30. Be3 {[%emt 0:02:24]} Kf8 {[%emt 0:02:11]} 31. f3 {[%emt 0:01:27]} Bd3 {[%emt 0:04:06]} 32. Rc1 {[%emt 0:00:10]} c4 {[%emt 0:05:05]} 33. Bxd4 {[%emt 0:01:09]} exd4 {[%emt 0:00:12]} 34. e5 {[%emt 0:00:30]} c3 {[%emt 0:00:29]} 35. Bb3 {[%emt 0:00:33]} Rb2 $19 {[%emt 0:01:07]} 0-1

[Event "20th Heraklion IT Open 2017"]
[Site "Heraklion"]
[Date "2017.04.22"]
[Round "7"]
[White "Lampadariou, Nikolaos"]
[Black "Predeftakis, Georgios"]
[Result "1-0"]
[WhiteElo "1948"]
[BlackElo "1688"]
[Annotator "NA"]
[PlyCount "63"]
[EventDate "2017.??.??"]
[EventType "swiss"]
[EventCountry "GRE"]
[SourceTitle "playchess.com"]
[Source "ChessBase"]
[SourceQuality "1"]
[TimeControl "40/5400+30:1800+30"]

{[%evp 8,63,4,32767,8,15,24,14,11,10,4,4,14,32767,32767,32767,32767,11,32767,32767,32767,32767,32767,32767,33,44,14,32767,51,32767,32767,32767,32767,32767,32767,32767,32767,32767,32767,32767,32767,32767,32767,32767,32767,488,465,462,515,511,658,691,800,740,758,641,2731,3505]} 1. d4 {[%emt 0:00:00]} Nf6 {[%emt 0:00:04]} 2. c4 {[%emt 0:00:00]} e6 {[%emt 0:00:02]} 3. Nf3 {[%emt 0:00:23]} b6 {[%emt 0:01:02]} 4. a3 {[%emt 0:02:53]} d5 {[%emt 0:04:21]} 5. cxd5 {[%emt 0:06:27]} exd5 {[%emt 0:06:31]} 6. Nc3 {[%emt 0:03:48]} Be7 {[%emt 0:00:21]} 7. g3 {[%emt 0:01:06]} O-O {[%emt 0:00:20]} 8. Bg2 {[%emt 0:00:09]} Bb7 {[%emt 0:00:58]} 9. O-O {[%emt 0:00:31]} Nbd7 {[%emt 0:00:43]} 10. Bg5 {[%emt 0:09:24]} Ne4 {[%emt 0:06:36]} 11. Bxe7 {[%emt 0:04:50]} Qxe7 {[%emt 0:00:42]} 12. Rc1 {[%emt 0:00:15] LiveBook: 4 Games} c6 {[%emt 0:12:53]} 13. e3 {[%emt 0:09:08] E12: Queen's Indian: Unusual White 4th moves, 4 a3, 4 Nc3 Bb7 5 a3 and 4 Nc3 Bb7} Nd6 $146 {[%emt 0:07:16]} (13... Nxc3 14. Rxc3 c5 15. Qa4 Qd6 16. Rfc1 c4 17. Qd1 b5 18. Nd2 Rfe8 19. b3 Nb6 20. bxc4 bxc4 {0-1 (59) Brhlik,G (2205)-Kovacs,A (2240) Hungary 1993}) 14. Nd2 {[%emt 0:03:58]} f5 {[%emt 0:04:38]} 15. b4 {[%emt 0:08:59]} b5 {[%emt 0:01:58]} 16. a4 {[%emt 0:11:33]} a6 {[%emt 0:00:06]} 17. a5 {[%emt 0:01:10]} Rf6 {[%emt 0:09:33]} 18. Re1 {[%emt 0:09:01]} Ne4 {[%emt 0:02:53]} 19. Ncxe4 {[%emt 0:02:52]} fxe4 {[%emt 0:00:10]} 20. Qb3 {[%emt 0:00:56]} Qf7 {[%emt 0:00:56]} 21. Rf1 {[%emt 0:00:50]} Rf8 {[%emt 0:08:26]} 22. f3 {[%emt 0:02:13]} exf3 {[%emt 0:00:12]} 23. Nxf3 {[%emt 0:00:48]} Qh5 {[%emt 0:02:01]} 24. e4 {[%emt 0:02:35]} g5 {[%emt 0:07:58]} 25. exd5 {[%emt 0:01:32]} cxd5 {[%emt 0:00:06]} 26. Rc7 $1 {[%emt 0:03:16]} g4 {[%emt 0:00:09]} 27. Nd2 {[%emt 0:01:36]} ({Weaker is} 27. Rxb7 gxf3 28. Rxd7 fxg2 29. Rxf6 Rxf6 30. Qxd5+ Qxd5 31. Rxd5 Rc6 32. Kxg2 Kf8 $18) 27... Rxf1+ {[%emt 0:00:19]} 28. Nxf1 {[%emt 0:00:02]} Qf5 {[%emt 0:07:09]} 29. Rxb7 {[%emt 0:01:31]} Nf6 {[%emt 0:00:28]} 30. Qe3 {[%emt 0:01:54]} Ne4 {[%emt 0:00:13]} 31. Rc7 {[%emt 0:02:17]} Nf2 {[%emt 0:01:27]} 32. Qe7 $18 {[%emt 0:02:38]} 1-0

[Event "20th Heraklion IT Open 2017"]
[Site "Heraklion"]
[Date "2017.04.22"]
[Round "7"]
[White "Bras, Emanouel"]
[Black "Kouvidis, Ioannis"]
[Result "1-0"]
[WhiteElo "1898"]
[BlackElo "1387"]
[Annotator "NA"]
[PlyCount "67"]
[EventDate "2017.??.??"]
[EventType "swiss"]
[EventCountry "GRE"]
[SourceTitle "playchess.com"]
[Source "ChessBase"]
[SourceQuality "1"]
[TimeControl "40/5400+30:1800+30"]

1. d4 {[%emt 0:00:00]} Nf6 {[%emt 0:00:33]} 2. c4 {[%emt 0:00:11]} g6 {[%emt 0:00:43]} 3. g3 {[%emt 0:04:41]} Bg7 {[%emt 0:01:22]} 4. Bg2 {[%emt 0:00:26]} O-O {[%emt 0:00:07]} 5. Nc3 {[%emt 0:00:25]} d6 {[%emt 0:00:14]} 6. Nf3 {[%emt 0:02:42]} Nbd7 {[%emt 0:00:34]} 7. O-O {[%emt 0:00:28]} e5 {[%emt 0:00:16]} 8. dxe5 {[%emt 0:03:52]} Nxe5 {[%emt 0:00:54]} 9. Nxe5 {[%emt 0:01:20]} dxe5 {[%emt 0:00:08]} 10. Bg5 {[%emt 0:07:32]} Qxd1 {[%emt 0:00:25]} 11. Rfxd1 {[%emt 0:00:46]} c6 {[%emt 0:00:12] LiveBook: 9 Games E62: King's Indian: Fianchetto: 6...c6 and Panno Variation (6...Nc6) without ...a6} 12. Rd6 {[%emt 0:04:11]} (12. Rac1 Be6 13. b3 h6 14. Be3 Rfe8 15. Na4 Bf8 16. Nc5 Bc8 17. h3 Kg7 18. b4 a6 19. a4 Bxc5 20. Bxc5 {1-0 (35) Cheparinov,I (2689)-Al Sayed,M (2508) Doha 2016}) 12... Ne8 {[%emt 0:01:22]} 13. Rd2 $146 {[%emt 0:01:55]} (13. Rd8 Bf6 14. Bxf6 Nxf6 15. Rad1 Be6 16. Rxa8 Rxa8 17. b3 Kf8 18. Kf1 Ke7 19. Ke1 {0-1 (38) De Oliveira,J (1815)-Haskin,Z (1973) Joao Pessoa 2014}) 13... f6 {[%emt 0:00:44]} 14. Be3 {[%emt 0:00:23]} Be6 {[%emt 0:05:13]} 15. Na4 {[%emt 0:08:59]} Bxc4 {[%emt 0:07:48]} (15... f5 $11) 16. Nc5 {[%emt 0:01:22]} Rf7 {[%emt 0:02:12]} 17. b3 {[%emt 0:00:46]} Bd5 {[%emt 0:00:09]} 18. Rxd5 {[%emt 0:04:19]} cxd5 {[%emt 0:00:48]} 19. Bxd5 {[%emt 0:00:14]} Rb8 {[%emt 0:02:17]} 20. Rd1 {[%emt 0:05:02]} b6 {[%emt 0:02:16]} 21. Bxf7+ {[%emt 0:03:45]} Kxf7 {[%emt 0:00:57]} 22. Rd7+ {[%emt 0:00:53]} Kf8 {[%emt 0:01:05]} 23. Ne6+ {[%emt 0:03:22]} Kg8 {[%emt 0:00:18]} 24. Rxa7 {[%emt 0:01:29]} f5 {[%emt 0:00:24]} 25. f3 {[%emt 0:07:13]} Bf6 {[%emt 0:01:08]} 26. Bh6 {[%emt 0:04:40]} Nd6 {[%emt 0:06:39]} 27. a4 {[%emt 0:05:27]} Rc8 {[%emt 0:03:24]} 28. Nc7 $18 {[%emt 0:03:29]} g5 {[%emt 0:03:19]} 29. Nd5 {[%emt 0:02:51]} Bd8 {[%emt 0:01:15]} 30. Rg7+ {[%emt 0:02:56]} Kh8 {[%emt 0:00:35]} 31. Rd7 {[%emt 0:01:12]} Ne8 {[%emt 0:01:18]} 32. Kf2 {[%emt 0:03:16]} f4 {[%emt 0:05:57]} 33. Ke1 {[%emt 0:02:20]} Rb8 {[%emt 0:03:15]} 34. Rf7 {[%emt 0:02:15]} 1-0

[Event "20th Heraklion IT Open 2017"]
[Site "Heraklion"]
[Date "2017.04.22"]
[Round "7"]
[White "Brokalakis - Gounaris, Christos"]
[Black "Mamoulakis, Eleftherios"]
[Result "1/2-1/2"]
[WhiteElo "1773"]
[BlackElo "2117"]
[Annotator "NA"]
[PlyCount "63"]
[EventDate "2017.??.??"]
[EventType "swiss"]
[EventCountry "GRE"]
[SourceTitle "playchess.com"]
[Source "ChessBase"]
[SourceQuality "1"]
[TimeControl "40/5400+30:1800+30"]

1. d4 {[%emt 0:00:00]} d5 {[%emt 0:00:10]} 2. c4 {[%emt 0:00:00]} e6 {[%emt 0:00:07]} 3. Nf3 {[%emt 0:00:20]} Nf6 {[%emt 0:00:11]} 4. g3 {[%emt 0:07:43]} Be7 {[%emt 0:01:21]} 5. Bg2 {[%emt 0:01:17]} O-O {[%emt 0:00:11]} 6. O-O {[%emt 0:00:40]} b6 {[%emt 0:02:46]} 7. Nc3 {[%emt 0:04:38]} Bb7 {[%emt 0:00:29]} 8. Ne5 {[%emt 0:06:53]} c5 {[%emt 0:04:08] LiveBook: 10 Games} 9. dxc5 {[%emt 0:10:04]} Bxc5 {[%emt 0:00:28]} 10. cxd5 {[%emt 0:05:39] E18: Queen's Indian: Old Main Line (4 g3 Bb7 5 Bg2 Be7 6 0-0 0-0 7 Nc3)} Nxd5 {[%emt 0:02:13]} 11. Qb3 {[%emt 0:10:44]} Nc6 $146 {[%emt 0:15:13]} (11... Nd7 12. Nxd7 Qxd7 13. Rd1 Qe7 14. Ne4 Rac8 15. Bg5 f6 16. Bd2 Rfd8 17. Nxc5 bxc5 {1-0 (50) Kleinegger,F (2131)-Kind,B (2170) Germany 2016}) 12. Nxc6 {[%emt 0:07:47]} Bxc6 {[%emt 0:00:25]} 13. Nxd5 {[%emt 0:02:27]} Bxd5 {[%emt 0:04:22]} 14. Bxd5 {[%emt 0:00:13]} Qxd5 {[%emt 0:00:52]} 15. Qxd5 {[%emt 0:00:53]} exd5 {[%emt 0:00:08]} 16. Rd1 {[%emt 0:01:30]} Rfd8 {[%emt 0:00:47]} 17. a3 {[%emt 0:01:45]} f6 {[%emt 0:00:41]} 18. b4 {[%emt 0:01:41]} Bd6 {[%emt 0:04:45]} 19. Bb2 {[%emt 0:03:56]} Be5 {[%emt 0:00:27]} 20. Bxe5 {[%emt 0:04:14]} fxe5 {[%emt 0:00:06]} 21. Rac1 {[%emt 0:00:07]} Rd7 {[%emt 0:01:00]} 22. Rc6 {[%emt 0:02:07]} Rad8 {[%emt 0:00:43]} 23. Re6 $11 {[%emt 0:07:30]} e4 {[%emt 0:00:13]} 24. e3 {[%emt 0:00:50]} Kf7 {[%emt 0:01:12]} 25. Rc6 {[%emt 0:00:48]} Rd6 {[%emt 0:00:32]} 26. Rc2 {[%emt 0:07:31]} Ke6 {[%emt 0:00:17]} 27. Kf1 {[%emt 0:00:49]} Kf5 {[%emt 0:08:15]} 28. Ke2 {[%emt 0:02:06]} Ke5 {[%emt 0:00:42]} 29. Rd4 {[%emt 0:00:55]} R8d7 {[%emt 0:01:04]} 30. a4 {[%emt 0:02:58]} Rh6 {[%emt 0:02:24]} 31. h4 {[%emt 0:00:05]} Rhd6 {[%emt 0:00:14]} 32. b5 {[%emt 0:01:34]} 1/2-1/2

[Event "20th Heraklion IT Open 2017"]
[Site "Heraklion"]
[Date "2017.04.22"]
[Round "7"]
[White "Dhruv Easwar"]
[Black "Papidakis, Georgios"]
[Result "1-0"]
[WhiteElo "1753"]
[BlackElo "1618"]
[Annotator "NA RC"]
[PlyCount "100"]
[EventDate "2017.??.??"]
[EventType "swiss"]
[EventCountry "GRE"]
[SourceTitle "playchess.com"]
[Source "ChessBase"]
[SourceQuality "1"]
[TimeControl "40/5400+30:1800+30"]

1. e4 {[%emt 0:00:00]} c6 {[%emt 0:01:34]} 2. d4 {[%emt 0:00:00]} d5 {[%emt 0:00:06]} 3. Nc3 {[%emt 0:00:05]} dxe4 {[%emt 0:00:10]} 4. Nxe4 {[%emt 0:00:17]} Bf5 {[%emt 0:00:36]} 5. Ng3 {[%emt 0:00:20]} Bg6 {[%emt 0:00:08]} 6. Nf3 {[%emt 0:00:29]} Nd7 {[%emt 0:00:14]} 7. h4 {[%emt 0:00:21]} h6 {[%emt 0:00:05]} 8. h5 {[%emt 0:00:07]} Bh7 {[%emt 0:00:06]} 9. Bd3 {[%emt 0:00:14]} Bxd3 {[%emt 0:00:07]} 10. Qxd3 {[%emt 0:00:08]} Ngf6 {[%emt 0:00:09]} 11. Bd2 {[%emt 0:01:05]} e6 {[%emt 0:00:25]} 12. O-O-O {[%emt 0:00:37]} Be7 {[%emt 0:00:15]} 13. Ne4 {[%emt 0:01:26]} Nxe4 {[%emt 0:00:06]} 14. Qxe4 {[%emt 0:00:07]} Nf6 {[%emt 0:00:07]} 15. Qe2 {[%emt 0:00:40]} Qd5 {[%emt 0:02:11]} 16. Kb1 {[%emt 0:00:49]} Qe4 {[%emt 0:01:33]} 17. Qc4 {[%emt 0:04:33]} Qd5 {[%emt 0:01:44]} 18. Qe2 {[%emt 0:02:26]} O-O-O {[%emt 0:32:41]} 19. Be3 {[%emt 0:02:40]} Nxh5 {[%emt 0:05:07]} 20. Ne5 {[%emt 0:01:35]} Nf6 {[%emt 0:11:44]} 21. Nxf7 {[%emt 0:02:07]} Rhf8 {[%emt 0:00:01]} 22. Nxd8 {[%emt 0:00:49]} Rxd8 {[%emt 0:00:02]} 23. Rde1 {[%emt 0:04:01]} Bd6 {[%emt 0:02:45]} 24. Qd3 {[%emt 0:05:45]} Bb4 {[%emt 0:04:05]} 25. c3 {[%emt 0:01:27]} Bd6 {[%emt 0:04:35]} 26. Qg6 {[%emt 0:01:39]} Qf5+ {[%emt 0:01:58]} 27. Qxf5 {[%emt 0:00:53]} exf5 {[%emt 0:00:01]} 28. Rh3 {[%emt 0:01:21]} Re8 {[%emt 0:01:55]} 29. Rf3 {[%emt 0:00:49]} f4 {[%emt 0:02:25]} 30. Bd2 {[%emt 0:00:15]} Rxe1+ {[%emt 0:00:06]} 31. Bxe1 {[%emt 0:00:23]} Ne4 {[%emt 0:14:56]} 32. Kc2 {[%emt 0:01:46]} Kd7 {[%emt 0:00:58]} 33. Bd2 {[%emt 0:00:37]} Ng5 {[%emt 0:01:27]} 34. Rd3 {[%emt 0:00:15]} Ne4 {[%emt 0:03:55]} 35. Be1 {[%emt 0:01:50]} Ke6 {[%emt 0:04:22]} 36. f3 {[%emt 0:00:28]} Nf6 {[%emt 0:00:05]} 37. c4 {[%emt 0:01:19]} Bc7 {[%emt 0:03:23]} 38. Rb3 {[%emt 0:00:37]} b6 {[%emt 0:00:33]} 39. Ra3 {[%emt 0:02:04]} Bb8 {[%emt 0:00:08]} 40. Kd3 {[%emt 0:00:00]} Kd7 {[%emt 0:01:53]} 41. Bb4 {[%emt 0:01:49]} Ke6 {[%emt 0:02:44]} 42. Rc3 {[%emt 0:01:35]} Kf7 {[%emt 0:03:01]} 43. Rc2 {[%emt 0:00:34]} Ng8 {[%emt 0:04:31]} 44. Re2 {[%emt 0:00:42]} Bc7 {[%emt 0:01:41]} 45. a4 {[%emt 0:01:25]} g5 {[%emt 0:09:28]} 46. c5 {[%emt 0:00:59]} bxc5 {[%emt 0:08:44]} 47. Bxc5 {[%emt 0:00:06]} Bb8 {[%emt 0:00:13]} 48. b4 {[%emt 0:00:39]} a6 {[%emt 0:01:01]} 49. Kc4 {[%emt 0:00:50]} Bc7 {[%emt 0:02:30]} 50. d5 {[%emt 0:01:00]} cxd5+ {[%emt 0:00:11]} 1-0